Normal view
MARC view
- Nevill, Hugh Lewis,
Entry Personal Name
001 - CONTROL NUMBER
- control field: 4684
003 - CONTROL NUMBER IDENTIFIER
- control field: NUST
005 - DATE AND TIME OF LATEST TRANSACTION
- control field: 20170920124923.0
008 - FIXED-LENGTH DATA ELEMENTS
- fixed length control field: 170920|| aca||aabn | a|a d
040 ## - CATALOGING SOURCE
- Original cataloging agency: NUST
- Transcribing agency: NUST
100 ## - HEADING--PERSONAL NAME
- Personal name: Nevill, Hugh Lewis,
- Dates associated with a name: 1877-1915.
670 ## - SOURCE DATA FOUND
- Source citation: Work cat.: (NUST)0: Nevill, Hugh Lewis, 1877-1915., Campaigns on the North-West Frontier /, 1977.
